000 00607nam a2200241 a 4500
003 AR-BaBNM
005 20251128205329.0
008 082120s2002 ||||||||||||||000 | spa||
020 _a0-19-432436-2
040 _cAR-BaBNM
100 1 _aStrange, Derek
245 0 0 _aChatterbox
_bactivity book 2
260 _aOxford
_bOxford University Press
_c1995
300 _a62 p.
_bil.
650 4 _aENSEƑANZA DE IDIOMAS
650 4 _aINGLES
650 4 _aACTIVIDADES DE APRENDIZAJE
650 4 _aVOCABULARIO
650 4 _aGRAMATICA
653 _aEDUCACION GENERAL BASICA
942 _cBK
998 _cmau
999 _c10959
_d10959